[Event "Lloyds Bank Masters 13th"]
[Site "London"]
[Date "1989.08.24"]
[Round "6"]
[White "Rogers, Ian"]
[Black "Chandler, Murray G"]
[Result "1/2-1/2"]
[WhiteElo "2470"]
[BlackElo "2585"]
[PlyCount "97"]
[EventDate "1989.08.19"]
[EventType "swiss"]
[EventRounds "10"]
[EventCountry "ENG"]
[SourceTitle "BritBase"]
[Source "John Saunders"]
[SourceDate "2020.09.07"]
[SourceVersion "1"]
[SourceVersionDate "2020.09.07"]
[SourceQuality "2"]

1. e4 c5 2. Nf3 Nc6 3. d4 cxd4 4. Nxd4 Nf6 5. Nc3 e5 6. Ndb5 d6 7. Bg5 a6 8.
Na3 b5 9. Nd5 Be7 10. Bxf6 Bxf6 11. c3 Ne7 12. Nc2 Nxd5 13. Qxd5 Rb8 14. Nb4
Bb7 15. Qd3 O-O 16. Be2 g6 17. O-O Bg5 18. Rad1 a5 19. Nd5 Ba8 20. a3 Kh8 21.
Qb1 f5 22. Bf3 Qd7 23. Rfe1 Qa7 24. Re2 Rbc8 25. Ne3 b4 26. axb4 axb4 27. Rxd6
bxc3 28. bxc3 Rxc3 29. Nf1 Be7 30. Rd3 Rxd3 31. Qxd3 Bc5 32. exf5 Bxf3 33. Qxf3
Rxf5 34. Qg3 Bd4 35. h3 Qa1 36. Qh4 Kg7 37. Qe4 Rf7 38. g3 Qa7 39. Kg2 Qb7 40.
Qxb7 Rxb7 41. Nd2 Rb2 42. Kf1 h5 43. Ne4 Rxe2 44. Kxe2 Kf7 45. Kd3 Ke6 46. Kc4
Ba7 47. f3 Be3 48. g4 Ba7 49. Kd3 1/2-1/2

[Event "Lloyds Bank Masters 13th"]
[Site "London"]
[Date "1989.08.24"]
[Round "6"]
[White "Sadler, Matthew D"]
[Black "Lane, Gary William"]
[Result "0-1"]
[WhiteElo "2455"]
[BlackElo "2385"]
[PlyCount "62"]
[EventDate "1989.08.19"]
[EventType "swiss"]
[EventRounds "10"]
[EventCountry "ENG"]
[SourceTitle "BritBase"]
[Source "John Saunders"]
[SourceDate "2020.09.07"]
[SourceVersion "1"]
[SourceVersionDate "2020.09.07"]
[SourceQuality "2"]

1. b3 e5 2. Bb2 Nc6 3. e3 d6 4. Bb5 Bd7 5. Ne2 a6 6. Bxc6 Bxc6 7. O-O Qg5 8. f3
h5 9. Rf2 Nf6 10. c4 d5 11. cxd5 Nxd5 12. Nbc3 Nb4 13. Nc1 O-O-O 14. a3 Nd5 15.
Qc2 Nf6 16. N1e2 Rh6 17. Rc1 Rg6 18. Ng3 h4 19. Nge4 Nxe4 20. Nxe4 Qh5 21. b4
f5 22. Nc5 h3 23. g3 f4 24. Bxe5 fxg3 25. Bxg3 Bd6 26. f4 Qd5 27. e4 Qd4 28.
Re1 Bxf4 29. Nb3 Qd6 30. e5 Qd5 31. Kf1 Qg2+ 0-1

[Event "Lloyds Bank Masters 13th"]
[Site "London"]
[Date "1989.08.24"]
[Round "6"]
[White "Wall, Tim"]
[Black "Murshed, Niaz"]
[Result "1-0"]
[WhiteElo "2320"]
[BlackElo "2475"]
[PlyCount "51"]
[EventDate "1989.08.19"]
[EventType "swiss"]
[EventRounds "10"]
[EventCountry "ENG"]
[SourceTitle "BritBase"]
[Source "John Saunders"]
[SourceDate "2020.09.07"]
[SourceVersion "1"]
[SourceVersionDate "2020.09.07"]
[SourceQuality "2"]

1. e4 g6 2. d4 Bg7 3. Nc3 c6 4. Be3 d5 5. f3 Qb6 6. Qd2 dxe4 7. fxe4 Qxb2 8.
Rb1 Qa3 9. Bc4 b6 10. Nge2 Ba6 11. Bb3 Nf6 12. O-O Bb7 13. e5 Nbd7 14. exf6
Nxf6 15. Bh6 O-O 16. Ng3 Rad8 17. Bxg7 Kxg7 18. Qg5 Kh8 19. Rxf6 exf6 20. Qxf6+
Kg8 21. Bxf7+ Rxf7 22. Qxd8+ Kg7 23. Nge4 Ba6 24. Qd6 Qb2 25. Qe5+ Kf8 26. Re1
1-0

[Event "Lloyds Bank Masters 13th"]
[Site "London"]
[Date "1989.08.24"]
[Round "6"]
[White "Weide, Jan"]
[Black "Wells, Peter K"]
[Result "0-1"]
[WhiteElo "2320"]
[BlackElo "2400"]
[PlyCount "58"]
[EventDate "1989.08.19"]
[EventType "swiss"]
[EventRounds "10"]
[EventCountry "ENG"]
[SourceTitle "BritBase"]
[Source "John Saunders"]
[SourceDate "2020.09.07"]
[SourceVersion "1"]
[SourceVersionDate "2020.09.07"]
[SourceQuality "2"]

1. e4 e5 2. Nf3 Nc6 3. d4 exd4 4. Nxd4 Qh4 5. Nb5 Bb4+ 6. Bd2 Bc5 7. Qe2 d6 8.
g3 Qe7 9. N1c3 Nf6 10. Nd5 Nxd5 11. exd5 Ne5 12. h3 a6 13. Nxc7+ Qxc7 14. f4
O-O 15. fxe5 Re8 16. Bc3 Bb4 17. Bxb4 Rxe5 18. O-O-O Rxe2 19. Bxe2 Qb6 20. Bc3
Qe3+ 21. Rd2 Bf5 22. g4 Bxc2 23. Rf1 Bg6 24. h4 Rc8 25. Bf3 b5 26. Kd1 b4 27.
Bd4 Bc2+ 28. Rxc2 Qd3+ 29. Rd2 Qxf1# 0-1

[Event "Lloyds Bank Masters 13th"]
[Site "London"]
[Date "1989.08.24"]
[Round "6"]
[White "Wojtkiewicz, Aleksander"]
[Black "Thipsay, Praveen Mahadeo"]
[Result "1/2-1/2"]
[WhiteElo "2475"]
[BlackElo "2415"]
[PlyCount "51"]
[EventDate "1989.08.19"]
[EventType "swiss"]
[EventRounds "10"]
[EventCountry "ENG"]
[SourceTitle "BritBase"]
[Source "John Saunders"]
[SourceDate "2020.09.07"]
[SourceVersion "1"]
[SourceVersionDate "2020.09.07"]
[SourceQuality "2"]

1. Nf3 Nf6 2. c4 g6 3. g3 Bg7 4. Bg2 d6 5. d4 O-O 6. Nc3 Nbd7 7. O-O e5 8. h3
c6 9. e4 Qb6 10. Re1 Re8 11. Re2 exd4 12. Nxd4 Nc5 13. Bf4 Ne6 14. Be3 Nxd4 15.
Bxd4 Qc7 16. Rc1 Be6 17. Nd5 Bxd5 18. cxd5 c5 19. e5 dxe5 20. Bxc5 Qd7 21. Qb3
Rac8 22. Rcc2 b6 23. Be3 Rxc2 24. Rxc2 e4 25. Rd2 Re5 26. d6 1/2-1/2

[Event "Lloyds Bank Masters 13th"]
[Site "London"]
[Date "1989.08.25"]
[Round "7"]
[White "Azmaiparashvili, Zurab"]
[Black "Chernin, Alexander"]
[Result "1/2-1/2"]
[WhiteElo "2575"]
[BlackElo "2580"]
[PlyCount "28"]
[EventDate "1989.08.19"]
[EventType "swiss"]
[EventRounds "10"]
[EventCountry "ENG"]
[SourceTitle "BritBase"]
[Source "John Saunders"]
[SourceDate "2020.09.07"]
[SourceVersion "1"]
[SourceVersionDate "2020.09.07"]
[SourceQuality "2"]

1. Nf3 Nf6 2. d4 e6 3. c4 b6 4. g3 Bb7 5. Bg2 Bb4+ 6. Bd2 Bxd2+ 7. Nbxd2 O-O 8.
O-O d6 9. Qc2 c5 10. Rfd1 Qe7 11. e4 cxd4 12. Nxd4 a6 13. b3 Nbd7 14. b4 Rfc8
1/2-1/2

[Event "Lloyds Bank Masters 13th"]
[Site "London"]
[Date "1989.08.25"]
[Round "7"]
[White "Brendel, Oliver"]
[Black "Kekki, Jorma J"]
[Result "1-0"]
[WhiteElo "2340"]
[BlackElo "2260"]
[PlyCount "85"]
[EventDate "1989.08.19"]
[EventType "swiss"]
[EventRounds "10"]
[EventCountry "ENG"]
[SourceTitle "BritBase"]
[Source "John Saunders"]
[SourceDate "2020.09.07"]
[SourceVersion "1"]
[SourceVersionDate "2020.09.07"]
[SourceQuality "2"]

1. e4 e6 2. d4 d5 3. Nc3 Bb4 4. exd5 exd5 5. Bd3 Nc6 6. Nge2 Nge7 7. Bg5 f6 8.
Bf4 Bf5 9. Bxf5 Nxf5 10. Qd3 Qd7 11. Bxc7 Qxc7 12. Qxf5 Nxd4 13. Qd3 Nxe2 14.
Qxe2+ Kf8 15. O-O Bxc3 16. bxc3 Qc4 17. Qh5 Re8 18. Rae1 Re4 19. f3 Rxe1 20.
Rxe1 g6 21. Qh6+ Kf7 22. Qe3 Rc8 23. Qe7+ Kg8 24. Qxf6 Qc5+ 25. Kh1 Qc6 26. Qg5
Qxc3 27. Qxd5+ Kf8 28. Qd6+ Kg8 29. Qe6+ Kf8 30. Qd6+ Kg8 31. Qe6+ Kf8 32. h4
Qc6 33. Qe5 Kg8 34. h5 gxh5 35. Qxh5 Qg6 36. Qd5+ Qf7 37. Qg5+ Qg6 38. Qd5+ Qf7
39. Re6 Rc7 40. Qd8+ Kg7 41. Qg5+ Kh8 42. Qe5+ Kg8 43. Re8+ 1-0

[Event "Lloyds Bank Masters 13th"]
[Site "London"]
[Date "1989.08.25"]
[Round "7"]
[White "Chandler, Murray G"]
[Black "Thipsay, Praveen Mahadeo"]
[Result "1-0"]
[WhiteElo "2585"]
[BlackElo "2415"]
[PlyCount "99"]
[EventDate "1989.08.19"]
[EventType "swiss"]
[EventRounds "10"]
[EventCountry "ENG"]
[SourceTitle "BritBase"]
[Source "John Saunders"]
[SourceDate "2020.09.07"]
[SourceVersion "1"]
[SourceVersionDate "2020.09.07"]
[SourceQuality "2"]

1. e4 e5 2. Nf3 Nc6 3. Bb5 a6 4. Ba4 Nf6 5. O-O Be7 6. Re1 b5 7. Bb3 d6 8. c3
O-O 9. h3 Na5 10. Bc2 c5 11. d4 Qc7 12. Nbd2 Bd7 13. Nf1 cxd4 14. cxd4 Rac8 15.
Re2 Rfe8 16. b3 Nc6 17. Bb2 Bf8 18. Rc1 Qb7 19. Bb1 g6 20. dxe5 dxe5 21. Ne3
Bg7 22. Rd2 Be6 23. Nd5 Nd7 24. Kh1 f6 25. Ne3 Ne7 26. Rd6 Rxc1 27. Qxc1 Rc8
28. Qd2 Rc6 29. Ba3 Kf7 30. Rd3 Nc5 31. Rd8 Qc7 32. Ng4 Nd7 33. Ra8 Ng8 34. Qe3
Rc3 35. Ra7 Rxe3 36. Rxc7 Re2 37. Kg1 h5 38. Ne3 Bf8 39. Bxf8 Kxf8 40. Bc2 Ke7
41. Kf1 Rxe3 42. fxe3 Kd6 43. Ra7 Nb8 44. Rg7 g5 45. h4 g4 46. Nd2 Nc6 47. Rh7
Nce7 48. Kf2 Kd7 49. a3 Ke8 50. b4 1-0

[Event "Lloyds Bank Masters 13th"]
[Site "London"]
[Date "1989.08.25"]
[Round "7"]
[White "Flear, Glenn C"]
[Black "Brady, Stephen"]
[Result "1-0"]
[WhiteElo "2435"]
[BlackElo "2320"]
[PlyCount "75"]
[EventDate "1989.08.19"]
[EventType "swiss"]
[EventRounds "10"]
[EventCountry "ENG"]
[SourceTitle "BritBase"]
[Source "John Saunders"]
[SourceDate "2020.09.07"]
[SourceVersion "1"]
[SourceVersionDate "2020.09.07"]
[SourceQuality "2"]

1. d4 d5 2. c4 dxc4 3. Nf3 Nf6 4. Nc3 Nd5 5. e4 Nb6 6. Ne5 Nc6 7. Nxc6 bxc6 8.
Be3 g6 9. Be2 Bg7 10. O-O O-O 11. Rc1 Be6 12. Qc2 f5 13. g3 fxe4 14. Nxe4 Bd5
15. Nd2 Qd7 16. Nxc4 Qh3 17. f3 Nxc4 18. Bxc4 Qe6 19. Qd3 Rad8 20. b3 Kh8 21.
Bxd5 Rxd5 22. Qe4 Qd7 23. Rc5 Rd8 24. Rxd5 cxd5 25. Qd3 Qd6 26. Rc1 e5 27. dxe5
Qxe5 28. f4 Qe7 29. Bxa7 d4 30. Bc5 Qe6 31. Bb4 Qd7 32. Re1 Re8 33. Rxe8+ Qxe8
34. a4 Qa8 35. a5 Qa7 36. a6 c5 37. Qb5 Bf8 38. Qb7 1-0

[Event "Lloyds Bank Masters 13th"]
[Site "London"]
[Date "1989.08.25"]
[Round "7"]
[White "Hebden, Mark L"]
[Black "Smyslov, Vassily V"]
[Result "1/2-1/2"]
[WhiteElo "2520"]
[BlackElo "2570"]
[PlyCount "52"]
[EventDate "1989.08.19"]
[EventType "swiss"]
[EventRounds "10"]
[EventCountry "ENG"]
[SourceTitle "BritBase"]
[Source "John Saunders"]
[SourceDate "2020.09.07"]
[SourceVersion "1"]
[SourceVersionDate "2020.09.07"]
[SourceQuality "2"]

1. e4 e5 2. Nf3 Nc6 3. c3 d6 4. d4 Nf6 5. dxe5 dxe5 6. Qxd8+ Nxd8 7. Nbd2 Bd6
8. Nc4 Nxe4 9. Nfxe5 O-O 10. Be3 Re8 11. Nxd6 Nxd6 12. Nc4 Nf5 13. O-O-O b5 14.
Na5 Nxe3 15. fxe3 a6 16. Be2 Be6 17. Bf3 Rb8 18. Rd2 f6 19. Rhd1 Kf8 20. b3 Nf7
21. Bc6 Red8 22. Bd7 Rb6 23. c4 bxc4 24. Bxe6 Rxd2 25. Rxd2 Rxe6 26. Nxc4 Ke7
1/2-1/2

[Event "Lloyds Bank Masters 13th"]
[Site "London"]
[Date "1989.08.25"]
[Round "7"]
[White "Hennigan, Michael"]
[Black "Rogers, Ian"]
[Result "0-1"]
[WhiteElo "2345"]
[BlackElo "2470"]
[PlyCount "66"]
[EventDate "1989.08.19"]
[EventType "swiss"]
[EventRounds "10"]
[EventCountry "ENG"]
[SourceTitle "BritBase"]
[Source "John Saunders"]
[SourceDate "2020.09.07"]
[SourceVersion "1"]
[SourceVersionDate "2020.09.07"]
[SourceQuality "2"]

1. e4 c5 2. Nf3 Nc6 3. d4 cxd4 4. Nxd4 g6 5. Nc3 Bg7 6. Be3 Nf6 7. Be2 O-O 8.
O-O d6 9. Nb3 a5 10. a4 Be6 11. f4 Rc8 12. Bf3 Nb4 13. Nd4 Bc4 14. Rf2 Nd7 15.
Rd2 Ba6 16. Ncb5 e5 17. Ne2 exf4 18. Bxf4 Bxb2 19. Rb1 Be5 20. Bg4 Qb6+ 21. Kh1
Nf6 22. Bxe5 dxe5 23. Bxc8 Nxe4 24. Ng3 Nxd2 25. Qxd2 Rxc8 26. c3 Rd8 27. Qh6
Nd3 28. h3 Nf4 29. Rf1 Qc6 30. Rxf4 exf4 31. Nh5 Rd1+ 32. Kh2 gxh5 33. Qg5+ Qg6
0-1

[Event "Lloyds Bank Masters 13th"]
[Site "London"]
[Date "1989.08.25"]
[Round "7"]
[White "Lev, Ronen"]
[Black "Eingorn, Vereslav S"]
[Result "0-1"]
[WhiteElo "2410"]
[BlackElo "2560"]
[PlyCount "75"]
[EventDate "1989.08.19"]
[EventType "swiss"]
[EventRounds "10"]
[EventCountry "ENG"]
[SourceTitle "BritBase"]
[Source "John Saunders"]
[SourceDate "2020.09.07"]
[SourceVersion "1"]
[SourceVersionDate "2020.09.07"]
[SourceQuality "2"]

1. d4 e6 2. c4 Bb4+ 3. Nd2 c5 4. a3 Bxd2+ 5. Qxd2 cxd4 6. Nf3 Nf6 7. Nxd4 O-O
8. g3 d5 9. cxd5 Qxd5 10. Nf3 Qb5 11. a4 Qh5 12. Bg2 Nc6 13. O-O h6 14. b4 Rd8
15. Qe1 e5 16. b5 Nd4 17. Nxd4 exd4 18. Bf4 Nd5 19. Qd2 Nxf4 20. Qxf4 Qxe2 21.
Rfe1 Qg4 22. Qc7 Qd7 23. Qxd7 Bxd7 24. Bxb7 Rab8 25. Bc6 Be6 26. Red1 d3 27.
Rd2 Bc4 28. Rc1 Rd4 29. f3 Bb3 30. Rc3 Bxa4 31. Rcxd3 Rxd3 32. Rxd3 a6 33. Rc3
axb5 34. Rd3 Bc2 35. Rd2 Bb3 36. Kf2 b4 37. Rb2 Be6 38. Ke3 0-1

[Event "Lloyds Bank Masters 13th"]
[Site "London"]
[Date "1989.08.25"]
[Round "7"]
[White "Morris, Philip"]
[Black "Murugan, Krishnamoorthy"]
[Result "0-1"]
[WhiteElo "2345"]
[BlackElo "2450"]
[PlyCount "78"]
[EventDate "1989.08.19"]
[EventType "swiss"]
[EventRounds "10"]
[EventCountry "ENG"]
[SourceTitle "BritBase"]
[Source "John Saunders"]
[SourceDate "2020.09.07"]
[SourceVersion "1"]
[SourceVersionDate "2020.09.07"]
[SourceQuality "2"]

1. e4 c5 2. Nf3 e6 3. d4 cxd4 4. Nxd4 Nf6 5. Nc3 d6 6. Be2 Be7 7. O-O Nc6 8.
Be3 O-O 9. f4 Qc7 10. Qe1 a6 11. Qg3 Nxd4 12. Bxd4 b5 13. a3 Bb7 14. Rae1 Bc6
15. e5 dxe5 16. Bxe5 Qa7+ 17. Kh1 g6 18. Bd3 Nh5 19. Qh3 Ng7 20. Ne2 Rad8 21.
Ng3 f6 22. Bc3 Bc5 23. Rxe6 Bd7 24. f5 Bxe6 25. fxe6 Be7 26. Ne4 f5 27. Ng3 Bf6
28. Re1 Bxc3 29. bxc3 Qe7 30. c4 Rd4 31. Qh6 bxc4 32. Bf1 Rfd8 33. c3 Rd1 34.
Rxd1 Rxd1 35. Qf4 Qxe6 36. h3 Ne8 37. Kh2 Nd6 38. Be2 Rd5 39. Bf3 Rc5 0-1

[Event "Lloyds Bank Masters 13th"]
[Site "London"]
[Date "1989.08.25"]
[Round "7"]
[White "Murshed, Niaz"]
[Black "Cavendish, James"]
[Result "1-0"]
[WhiteElo "2475"]
[BlackElo "2390"]
[PlyCount "103"]
[EventDate "1989.08.19"]
[EventType "swiss"]
[EventRounds "10"]
[EventCountry "ENG"]
[SourceTitle "BritBase"]
[Source "John Saunders"]
[SourceDate "2020.09.07"]
[SourceVersion "1"]
[SourceVersionDate "2020.09.07"]
[SourceQuality "2"]

1. d4 Nf6 2. c4 c5 3. e3 cxd4 4. exd4 d5 5. Nc3 Nc6 6. Nf3 Bg4 7. cxd5 Nxd5 8.
Qb3 Bxf3 9. gxf3 Nb6 10. Be3 e6 11. O-O-O Be7 12. Rg1 O-O 13. Bd3 Rc8 14. Kb1
Na5 15. Qb5 Nd5 16. Bh6 g6 17. Nxd5 exd5 18. Bxf8 Bxf8 19. Rc1 Rxc1+ 20. Rxc1
a6 21. Qa4 b5 22. Qc2 Qf6 23. Qc3 Qxf3 24. Bc2 Qxc3 25. bxc3 Nc4 26. Bb3 Nb6
27. Re1 Bd6 28. h3 Kf8 29. Kc2 Kg7 30. Kd3 Kf6 31. Ra1 Ba3 32. Re1 h5 33. Re8
Bd6 34. Ke3 Kf5 35. Kf3 h4 36. Ke3 Kf6 37. Rh8 g5 38. Re8 Bc7 39. Kf3 Bd6 40.
Kg4 Bc7 41. Rg8 Bf4 42. Rh8 Kg7 43. Re8 Kf6 44. Bc2 Bc7 45. Rh8 Kg7 46. Rh7+
Kf6 47. Rh6+ Kg7 48. Rc6 Bd8 49. Bf5 a5 50. Rc5 b4 51. cxb4 axb4 52. Rb5 1-0

[Event "Lloyds Bank Masters 13th"]
[Site "London"]
[Date "1989.08.25"]
[Round "7"]
[White "Plaskett, H James"]
[Black "Webster, Andrew"]
[Result "1-0"]
[WhiteElo "2460"]
[BlackElo "2235"]
[PlyCount "31"]
[EventDate "1989.08.19"]
[EventType "swiss"]
[EventRounds "10"]
[EventCountry "ENG"]
[SourceTitle "BritBase"]
[Source "John Saunders"]
[SourceDate "2020.09.07"]
[SourceVersion "1"]
[SourceVersionDate "2020.09.07"]
[SourceQuality "2"]

1. e4 e6 2. d4 d5 3. exd5 exd5 4. Nf3 Bd6 5. c4 c6 6. Nc3 Ne7 7. Bd3 dxc4 8.
Bxc4 O-O 9. O-O Nd7 10. Re1 Nb6 11. Bb3 Bf5 12. Bg5 Kh8 13. Nh4 f6 14. Bd2 Qd7
15. Nxf5 Nxf5 16. Be6 1-0

[Event "Lloyds Bank Masters 13th"]
[Site "London"]
[Date "1989.08.25"]
[Round "7"]
[White "Ravi, Lanka"]
[Black "Hodgson, Julian M"]
[Result "0-1"]
[WhiteElo "2410"]
[BlackElo "2535"]
[PlyCount "82"]
[EventDate "1989.08.19"]
[EventType "swiss"]
[EventRounds "10"]
[EventCountry "ENG"]
[SourceTitle "BritBase"]
[Source "John Saunders"]
[SourceDate "2020.09.07"]
[SourceVersion "1"]
[SourceVersionDate "2020.09.07"]
[SourceQuality "2"]

1. d4 Nf6 2. Nf3 c5 3. e3 g6 4. c4 cxd4 5. exd4 d5 6. Nc3 Bg7 7. cxd5 Nxd5 8.
Be2 O-O 9. O-O Nc6 10. Re1 Be6 11. Bg5 h6 12. Be3 Rc8 13. Qd2 Kh7 14. Rac1 Qa5
15. Bc4 Rfd8 16. Bb3 Nc7 17. Bc2 Bg4 18. Be4 e5 19. Bxc6 bxc6 20. Ne4 Qxd2 21.
Bxd2 Bxf3 22. gxf3 f5 23. Nc5 Rxd4 24. Ba5 Nd5 25. b3 Nf4 26. Rc3 Bf8 27. Na4
Rd5 28. b4 Rd2 29. a3 Ne2+ 30. Rxe2 Rxe2 31. Rd3 Kg8 32. Rd7 Ra2 33. Rxa7 Rxa3
34. Nb6 Re8 35. Rc7 Re6 36. Rc8 Rd3 37. Nc4 Rd4 38. Ne3 Rd7 39. Bb6 Kf7 40. Bc5
Bxc5 41. bxc5 Rd4 0-1

[Event "Lloyds Bank Masters 13th"]
[Site "London"]
[Date "1989.08.25"]
[Round "7"]
[White "Ward, Christopher"]
[Black "Barua, Dibyendu"]
[Result "1/2-1/2"]
[WhiteElo "2380"]
[BlackElo "2470"]
[PlyCount "101"]
[EventDate "1989.08.19"]
[EventType "swiss"]
[EventRounds "10"]
[EventCountry "ENG"]
[SourceTitle "BritBase"]
[Source "John Saunders"]
[SourceDate "2020.09.07"]
[SourceVersion "1"]
[SourceVersionDate "2020.09.07"]
[SourceQuality "2"]

1. Nf3 d5 2. c4 e6 3. e3 Nf6 4. b3 Be7 5. Be2 O-O 6. O-O b6 7. Bb2 Bb7 8. d3 c5
9. Nbd2 Nc6 10. cxd5 Nxd5 11. a3 Bf6 12. Qc2 Bxb2 13. Qxb2 Qf6 14. Qxf6 gxf6
15. Rac1 Rfd8 16. Rfd1 Rac8 17. g3 Kf8 18. Bf1 Na5 19. Rc2 Nc7 20. b4 cxb4 21.
axb4 Nc6 22. Rb2 Nd5 23. b5 Na5 24. Nd4 Nc3 25. Ra1 Rc7 26. N4b3 Nxb3 27. Rxb3
Bd5 28. Rb2 e5 29. Rb4 Be6 30. Ne4 Nxe4 31. Rxe4 Bf5 32. Rc4 Rxc4 33. dxc4 Rd7
34. Bg2 Ke7 35. Bd5 Kd6 36. e4 Bg4 37. Kf1 Kc5 38. Ke1 f5 39. exf5 Bxf5 40. Ke2
Bc2 41. Ra3 Kd4 42. Kd2 Bb1 43. Rb3 Bg6 44. Rf3 f5 45. Rd3+ Kc5 46. Kc3 Bh5 47.
f4 exf4 48. gxf4 Rd8 49. Re3 Re8 50. Rxe8 Bxe8 51. Be6 1/2-1/2

[Event "Lloyds Bank Masters 13th"]
[Site "London"]
[Date "1989.08.25"]
[Round "7"]
[White "Wind, Michiel A"]
[Black "Bronstein, David Ionovich"]
[Result "1-0"]
[WhiteElo "2235"]
[BlackElo "2430"]
[PlyCount "83"]
[EventDate "1989.08.19"]
[EventType "swiss"]
[EventRounds "10"]
[EventCountry "ENG"]
[SourceTitle "BritBase"]
[Source "John Saunders"]
[SourceDate "2020.09.07"]
[SourceVersion "1"]
[SourceVersionDate "2020.09.07"]
[SourceQuality "2"]

1. d4 Nf6 2. Nf3 e6 3. Bf4 b6 4. e3 Be7 5. h3 Bb7 6. Bd3 c5 7. Nbd2 O-O 8. c3
Nc6 9. O-O Rc8 10. Qe2 d6 11. Bh2 Qd7 12. Rad1 Rfd8 13. Bb5 Qc7 14. Rfe1 Nb8
15. Bd3 a6 16. e4 cxd4 17. cxd4 b5 18. e5 Ne8 19. Ne4 Nd7 20. Neg5 Nf8 21. Bf4
Bd5 22. h4 h6 23. Ne4 Bc4 24. Qe3 Bxd3 25. Rxd3 Ng6 26. exd6 Bxd6 27. Bxd6 Nxd6
28. Nxd6 Qxd6 29. g3 Qd5 30. a3 Rc2 31. Re2 Rdc8 32. Rxc2 Rxc2 33. Rc3 Rxb2 34.
Rc8+ Kh7 35. Kg2 Rb3 36. Qe2 Qb7 37. Re8 Qc6 38. Rd8 f6 39. d5 Qc7 40. Re8 exd5
41. Qe6 h5 42. Qxd5 1-0

[Event "Lloyds Bank Masters 13th"]
[Site "London"]
[Date "1989.08.26"]
[Round "8"]
[White "Chernin, Alexander"]
[Black "Wind, Michiel A"]
[Result "1-0"]
[WhiteElo "2580"]
[BlackElo "2235"]
[PlyCount "111"]
[EventDate "1989.08.19"]
[EventType "swiss"]
[EventRounds "10"]
[EventCountry "ENG"]
[SourceTitle "BritBase"]
[Source "John Saunders"]
[SourceDate "2020.09.07"]
[SourceVersion "1"]
[SourceVersionDate "2020.09.07"]
[SourceQuality "2"]

1. c4 f5 2. Nf3 Nf6 3. g3 e6 4. b3 Be7 5. Bb2 O-O 6. Bg2 d6 7. O-O e5 8. b4 Qe8
9. Nc3 Nc6 10. b5 Nd8 11. e3 Nf7 12. Ne1 Rb8 13. a4 Be6 14. Nd5 c6 15. Nxe7+
Qxe7 16. d3 c5 17. Rc1 h5 18. f4 h4 19. gxh4 exf4 20. exf4 d5 21. cxd5 Bxd5 22.
Bxd5 Nxd5 23. Ng2 b6 24. Qb3 Rbd8 25. Rce1 Qd7 26. Rf3 Nh6 27. h3 Rf7 28. d4
cxd4 29. Rd1 Qe7 30. Rxd4 Nf6 31. Rxd8+ Qxd8 32. Rd3 Qe7 33. Bxf6 Qxf6 34. Qc3
Qxc3 35. Rxc3 Rd7 36. h5 Kf7 37. Rc6 Ng8 38. Nh4 Ne7 39. Rc4 Ke6 40. Nf3 Rd1+
41. Kf2 Ra1 42. Ng5+ Kd6 43. Nf7+ Ke6 44. Nd8+ Kd6 45. Nc6 Kd5 46. Rc2 Ng8 47.
Nb4+ Kd6 48. Rc6+ Kd7 49. Rg6 Nf6 50. Rxg7+ Ke6 51. h6 Rxa4 52. Nd3 Rd4 53. Ke3
Rd8 54. Ne5 Rc8 55. h7 Re8 56. Ng6 1-0

[Event "Lloyds Bank Masters 13th"]
[Site "London"]
[Date "1989.08.26"]
[Round "8"]
[White "Eingorn, Vereslav S"]
[Black "Rogers, Ian"]
[Result "0-1"]
[WhiteElo "2560"]
[BlackElo "2470"]
[PlyCount "112"]
[EventDate "1989.08.19"]
[EventType "swiss"]
[EventRounds "10"]
[EventCountry "ENG"]
[SourceTitle "BritBase"]
[Source "John Saunders"]
[SourceDate "2020.09.07"]
[SourceVersion "1"]
[SourceVersionDate "2020.09.07"]
[SourceQuality "2"]

1. Nf3 c5 2. c4 g6 3. d4 cxd4 4. Nxd4 Bg7 5. e4 Nc6 6. Be3 Nf6 7. Nc3 O-O 8.
Be2 b6 9. O-O Bb7 10. Qd2 Nxd4 11. Bxd4 e5 12. Bxe5 Nxe4 13. Nxe4 Bxe5 14. Nd6
Bc6 15. Rad1 Qe7 16. Rfe1 Qf6 17. b3 Bc3 18. Qd3 Bxe1 19. Rxe1 Qe5 20. Rd1 a5
21. Bf1 f5 22. Qd2 Rf6 23. h4 f4 24. Qd4 Qxd4 25. Rxd4 f3 26. g3 Re6 27. Rd1
Kg7 28. Nb5 Re5 29. Nd4 Rae8 30. Nc2 g5 31. hxg5 Rxg5 32. a3 Re6 33. Nd4 Rh6
34. Bd3 Rd6 35. Bc2 Kh8 36. Nxc6 Rxd1+ 37. Bxd1 dxc6 38. Bxf3 c5 39. Be4 Rg4
40. Bc6 Rd4 41. Kf1 Rd2 42. Kg2 Kg7 43. Kf3 Rd3+ 44. Ke4 Rxb3 45. a4 Kf6 46. g4
Rb1 47. f4 Re1+ 48. Kf3 h6 49. Bb5 Rg1 50. Ba6 Ra1 51. Bb5 Ra3+ 52. Kg2 Rd3 53.
Kf2 h5 54. gxh5 Kf5 55. Ke2 Ra3 56. h6 Kxf4 0-1

[Event "Lloyds Bank Masters 13th"]
[Site "London"]
[Date "1989.08.26"]
[Round "8"]
[White "Hebden, Mark L"]
[Black "Bonin, Jay R"]
[Result "1-0"]
[WhiteElo "2520"]
[BlackElo "2390"]
[PlyCount "74"]
[EventDate "1989.08.19"]
[EventType "swiss"]
[EventRounds "10"]
[EventCountry "ENG"]
[SourceTitle "BritBase"]
[Source "John Saunders"]
[SourceDate "2020.09.07"]
[SourceVersion "1"]
[SourceVersionDate "2020.09.07"]
[SourceQuality "2"]

1. d4 Nf6 2. Nf3 c5 3. e3 e6 4. c4 d5 5. Nc3 a6 6. dxc5 Bxc5 7. a3 dxc4 8.
Qxd8+ Kxd8 9. Bxc4 b5 10. Be2 Bb7 11. b4 Bd6 12. Bb2 Ke7 13. O-O Nbd7 14. Rfd1
Nb6 15. Nd4 Rac8 16. Nb3 Ne4 17. Nxe4 Bxe4 18. Rdc1 Na4 19. Bxg7 Rxc1+ 20. Nxc1
Rc8 21. f3 Bg6 22. e4 Bf4 23. Nd3 Be3+ 24. Kf1 f6 25. e5 f5 26. Bf6+ Kf8 27.
Ne1 Rc1 28. Rxc1 Bxc1 29. Nc2 f4 30. Nd4 Kf7 31. Nc6 Bxa3 32. Nd8+ Ke8 33. Nxe6
Kd7 34. Nxf4 Bxb4 35. Nxg6 hxg6 36. Bd3 Nc3 37. Bxg6 Be7 1-0

[Event "Lloyds Bank Masters 13th"]
[Site "London"]
[Date "1989.08.26"]
[Round "8"]
[White "Hodgson, Julian M"]
[Black "Plaskett, H James"]
[Result "1-0"]
[WhiteElo "2535"]
[BlackElo "2460"]
[PlyCount "75"]
[EventDate "1989.08.19"]
[EventType "swiss"]
[EventRounds "10"]
[EventCountry "ENG"]
[SourceTitle "BritBase"]
[Source "John Saunders"]
[SourceDate "2020.09.07"]
[SourceVersion "1"]
[SourceVersionDate "2020.09.07"]
[SourceQuality "2"]

1. g3 Nf6 2. Bg2 d5 3. c4 c6 4. Nf3 Bg4 5. Ne5 Bf5 6. cxd5 cxd5 7. Nc3 e6 8. g4
Bg6 9. h4 Bd6 10. d4 O-O 11. h5 Bxe5 12. hxg6 fxg6 13. dxe5 Nxg4 14. f4 Qb6 15.
Rf1 Nc6 16. e4 Ncxe5 17. exd5 exd5 18. Nxd5 Rae8 19. Be3 Qxb2 20. fxe5 Qxg2 21.
Rg1 Nxe3 22. Rxg2 Rf1+ 23. Ke2 Rxd1 24. Rxd1 Nxg2 25. Kf3 Nh4+ 26. Ke4 g5 27.
Nc7 Re7 28. e6 g6 29. Rd7 Nf5 30. Ke5 g4 31. Nd5 Kf8 32. Nxe7 Nxe7 33. Kf4 h5
34. Rxb7 Nd5+ 35. Ke5 g3 36. Kxd5 g2 37. Rb1 h4 38. Kd6 1-0